000 00430nam a2200133Ia 4500
008 100328s9999 xx 000 0 und d
082 _b59014
100 _aकप्तान संजय.
245 _aजादूगाराचं जाळं.
260 _bज्ञानयज्ञ.
630 _aजादूगाराचं जाळं.
730 _aजादूगाराचं जाळं.
942 _cBOOK
999 _c545280
_d545277